00852nam a22002177a 450000500170000001000130001702000110003003500130004103700160005404000120007008200160008210000160009824503620011425000120047626000360048827000310052430000240055550000210057965000260060065000080062620170124110226.0 aA-387361 c275.00 aA-387361 bCen Lib/Ret aDPLbEN a344.05bRAM aRamakrishna aA treatise on anti-corruption laws in India : with exhaustive commentaries on the Prevention of Corruption Act, 1988 :cby P. V. Ramakrishnab : the Dehli Special Police Establishment Act, 1946, the Criminal Law Amendment Ordinence, 1944, offenses of conspiracy, attempt and abetment which are punishable under the Indian Penal Code, and other allied acts/  a3rd ed. aHyderabadbAsia Law Housec1989 aOpp. High CourtbHyderabad axcv,966p.c23cm(Hb) aIncludes index  aAnti-corruptions Laws aLaw